All UEFA Euro 2024 countries and playoff teams - Statistics

General Stats
  • This quiz has been taken 43 times
  • The average score is 28 of 33
Answer Stats
Hint Answer % Correct
A1 Germany
100%
F2 Portugal
100%
A2 Scotland
100%
B1 Spain
100%
D3 France
98%
B3 Italy
98%
P8 Ukraine
98%
C4 England
95%
P1 Poland
95%
E1 Belgium
93%
B2 Croatia
93%
D1 Netherlands
93%
C3 Serbia
93%
D2 Austria
90%
E3 Romania
90%
E2 Slovakia
90%
A4 Switzerland
90%
C2 Denmark
88%
C1 Slovenia
88%
P3 Wales
88%
F3 Czechia
85%
P11 Greece
85%
B4 Albania
80%
A3 Hungary
80%
P9 Georgia
78%
P4 Finland
76%
P7 Bosnia & Herzegovina
73%
P6 Iceland
73%
P10 Luxembourg
63%
P2 Estonia
61%
P5 Israel
54%
F1 Turkiye
51%
P12 Kazakhstan
44%
No matching quizzes found
Score Distribution
Percent of People with Each Score
Percentile by Number Answered
Your Score History
You have not taken this quiz